00822cam a2200241 a 450000100100000000500170001000800410002703500210006804000360008908200190012510000440014424500600018826000310024830000210027949000120030065000250031265000400033783000200037791000340039704900090043195201230044099900170056300001813520240422104515.0840402s1972 flu 000 f spa d a(DLC)unk83078059 aDO-SdBNPbspacCarPdDLCdBNPHU aCh863.4bB142p1 aBaeza Flores, Alberto,d1914-19989756510aPorqué allí no habra noche /cAlberto Baeza Flores. aMiami :bUniversal,c1972. a217 p. ;c22 cm.1 aCaniqui 4aNovela chilena93163 4aLiteratura chilenaySIGLO XX914677 0aCaniqui.922007 aCatalogación por copia / LC aBNGR 001054708MOaGRbGRcCTd2010-04-15iLF1l0oCh863.4 B142pp18135-10r2020-06-25w2020-06-25y4ZPréstamo en sala c17656d17656